MARC details
| 000 -LEADER |
| fixed length control field |
01628cam a2200409 i 4500 |
| 003 - CONTROL NUMBER IDENTIFIER |
| control field |
TR-AnTOB |
| 005 - DATE AND TIME OF LATEST TRANSACTION |
| control field |
20230814170551.0 |
| 007 - PHYSICAL DESCRIPTION FIXED FIELD--GENERAL INFORMATION |
| fixed length control field |
ta |
| 008 - FIXED-LENGTH DATA ELEMENTS--GENERAL INFORMATION |
| fixed length control field |
960606s1995 tu ab b f100 0 eng |
| 010 ## - LIBRARY OF CONGRESS CONTROL NUMBER |
| LC control number |
96954528 |
| 020 ## - INTERNATIONAL STANDARD BOOK NUMBER |
| International Standard Book Number |
9757218014 |
| 040 ## - CATALOGING SOURCE |
| Original cataloging agency |
DLC |
| Language of cataloging |
eng |
| Description conventions |
rda |
| Transcribing agency |
DLC |
| Modifying agency |
TR-AnTOB |
| 041 0# - LANGUAGE CODE |
| Language code of text/sound track or separate title |
İngilizce |
| 043 ## - GEOGRAPHIC AREA CODE |
| Geographic area code |
a-tu--- |
| -- |
awba--- |
| -- |
awgz--- |
| 050 04 - LIBRARY OF CONGRESS CALL NUMBER |
| Classification number |
HF1583.4.Z4 |
| Item number |
C66 1995 |
| 090 ## - LOCALLY ASSIGNED LC-TYPE CALL NUMBER (OCLC); LOCAL CALL NUMBER (RLIN) |
| Classification number (OCLC) (R) ; Classification number, CALL (RLIN) (NR) |
HF1583.4.Z4 |
| Local cutter number (OCLC) ; Book number/undivided call number, CALL (RLIN) |
C66 1995 |
| 245 04 - TITLE STATEMENT |
| Title |
The contribution of Turkey for reconstruction and development of Palestine / |
| Statement of responsibility, etc. |
edited by Prof. Dr. Hasan Köni. |
| 264 #1 - PRODUCTION, PUBLICATION, DISTRIBUTION, MANUFACTURE, AND COPYRIGHT NOTICE |
| Place of production, publication, distribution, manufacture |
Ankara : |
| Name of producer, publisher, distributor, manufacturer |
Ankara University and Friedrich-Naumann-Foundation in Turkey, |
| Date of production, publication, distribution, manufacture, or copyright notice |
1995. |
| 300 ## - PHYSICAL DESCRIPTION |
| Extent |
iv, iii, 306 pages : |
| Other physical details |
illustrations, maps ; |
| Dimensions |
25 cm |
| 336 ## - CONTENT TYPE |
| Source |
rdacontent |
| Content type term |
text |
| Content type code |
txt |
| 337 ## - MEDIA TYPE |
| Source |
rdamedia |
| Media type term |
unmediated |
| Media type code |
n |
| 338 ## - CARRIER TYPE |
| Source |
rdacarrier |
| Carrier type term |
volume |
| Carrier type code |
nc |
| 500 ## - GENERAL NOTE |
| General note |
Contains papers presented at a conference held in Ankara, Turkey in 1995. |
| 504 ## - BIBLIOGRAPHY, ETC. NOTE |
| Bibliography, etc. note |
Includes bibliographical references. |
| 651 #0 - SUBJECT ADDED ENTRY--GEOGRAPHIC NAME |
| Geographic name |
Turkey |
| General subdivision |
Foreign economic relations |
| Geographic subdivision |
West Bank |
| Form subdivision |
Congresses |
| 9 (RLIN) |
18925 |
|
| Geographic name |
Turkey |
| General subdivision |
Foreign economic relations |
| Geographic subdivision |
Gaza Strip |
| Form subdivision |
Congresses |
| 9 (RLIN) |
18925 |
|
| Geographic name |
West Bank |
| General subdivision |
Foreign economic relations |
| Geographic subdivision |
Turkey |
| Form subdivision |
Congresses |
| 9 (RLIN) |
141390 |
|
| Geographic name |
Gaza Strip |
| General subdivision |
Foreign economic relations |
| Geographic subdivision |
Turkey |
| Form subdivision |
Congresses |
| 9 (RLIN) |
141391 |
|
| Geographic name |
West Bank |
| General subdivision |
Economic conditions |
| Form subdivision |
Congresses |
| 9 (RLIN) |
141390 |
|
| Geographic name |
Gaza Strip |
| General subdivision |
Economic conditions |
| Form subdivision |
Congresses |
| 9 (RLIN) |
141391 |
| 700 1# - ADDED ENTRY--PERSONAL NAME |
| Personal name |
Köni, Hasan |
| Relator term |
editor |
| 9 (RLIN) |
10275 |
| 710 2# - ADDED ENTRY--CORPORATE NAME |
| Corporate name or jurisdiction name as entry element |
Ankara Üniversitesi |
| 9 (RLIN) |
20230 |
|
| Corporate name or jurisdiction name as entry element |
Friedrich-Naumann-Stiftung |
| 9 (RLIN) |
26395 |
| 942 ## - ADDED ENTRY ELEMENTS (KOHA) |
| Source of classification or shelving scheme |
Library of Congress Classification |
| Koha item type |
Book |